Traps of offer-backs (Record no. 69679)

MARC details
000 -LEADER
fixed length control field 01128cam a2200217 4500
001 - CONTROL NUMBER
control field ABS65169
008 - FIXED-LENGTH DATA ELEMENTS--GENERAL INFORMATION
fixed length control field 020305n2002 000 0 eng u
035 ## - SYSTEM CONTROL NUMBER
System control number (Sirsi) u116976
100 ## - MAIN ENTRY--PERSONAL NAME
Personal name Rutler, J.
245 ## - TITLE STATEMENT
Title Traps of offer-backs
260 ## - PUBLICATION, DISTRIBUTION, ETC.
Date of publication, distribution, etc. 2002
490 ## - SERIES STATEMENT
Series statement Property Week
Volume/sequential designation 67(7) 22 February 2002, 38-39(2)
520 ## - SUMMARY, ETC.
Summary, etc. Using recent case "Bircham & Co Nominees (No 2) Ltd and Sarah Stowell v Worrell Holdings Ltd", warns landlords of losing their rights of pre-emption. A landlord thought he was accepting an offer-back, but lost his rights on a technicality, concerning the date of acceptance on an offer-back. Offer-backs are generally used so that a landlord can block the transfer of a lease to a tenants' chosen assignee. Suggests landlords remember that a conditional acceptance is not an acceptance at all.
590 ## - LOCAL NOTE (RLIN)
Local note ABS
650 ## - SUBJECT ADDED ENTRY--TOPICAL TERM
Topical term or geographic name entry element LAW OF PROPERTY (MISCELLANEOUS PROVISIONS) ACT 1989
650 ## - SUBJECT ADDED ENTRY--TOPICAL TERM
Topical term or geographic name entry element OFFER BACK CLAUSES
650 ## - SUBJECT ADDED ENTRY--TOPICAL TERM
Topical term or geographic name entry element PRE-EMPTION
650 ## - SUBJECT ADDED ENTRY--TOPICAL TERM
Topical term or geographic name entry element BIRCHAM AND CO NOMINEES (NO 2) LTD AND ANOTHER V WORRELL HOLDINGS LTD
690 ## - LOCAL SUBJECT ADDED ENTRY--TOPICAL TERM (OCLC, RLIN)
Topical term or geographic name as entry element LANDLORD AND TENANT-LEASES-CASE LAW
942 ## - ADDED ENTRY ELEMENTS (KOHA)
Suppress in OPAC 0
Holdings
Withdrawn status Lost status Source of classification or shelving scheme Damaged status Not for loan Home library Current library Shelving location Date acquired Total Checkouts Full call number Barcode Date last seen Copy number Price effective from Koha item type
    Dewey Decimal Classification     London London Journal article 05/03/2002   ABS65169 116976-1001 06/08/2019 1 06/08/2019 Journal article